000 00762nam a2200241Ia 4500
003 OSt
005 20220928123931.0
006 a|||||r|||| 00| 0
007 ta
008 220927b |||||||| |||| 00| 0 eng d
024 _a37751
037 _cTextual
040 _aSDCL
_cSDCL
_beng
041 _2eng
_aeng
082 _aX9(J9B).2'N8, M1
100 _aPandy S M
_9462422
245 0 _aSmall farmers development programme
_b A study of small farmers development agencies in Budaun,Fatehpur, and Rae Bareli districts of Uttar Pradesh
260 _aNew Delhi
_bShri Ram Centre
_c1981
300 _axv,251p
_ccm.
700 _a Sodhi J S
942 _hX9(J9B).2'N8, M1
_cTEXL
_2CC
999 _c775409
_d775409